[Event "ODJM B 2015"]
[Site "Willingen GER"]
[Date "2015.05.27"]
[Round "6"]
[White "Morio, Estelle"]
[Black "Thumm, Niklas"]
[Result "1/2-1/2"]
[Termination "normal"]
[Board "1"]
[WhiteElo "1685"]
[BlackElo "1510"]
[WhiteClock "00:12:57"]
[BlackClock "00:06:27"]
[PlyCount "59"]
[WhiteFideId "12951951"]
[BlackFideId "12918733"]
[EventCountry "GER"]
[EventRounds "9"]
[EventType "swiss"]
[EventDate "2015.05.23"]

1. d4 Nf6 2. Nf3 g6 3. g3 Bg7 4. Bg2 d6 5. O-O O-O 6. c4 Nbd7 7. b3 Re8 8. Bb2
c6 9. Nbd2 e5 10. e3 Qc7 11. Qc2 h6 12. Rad1 a5 13. a4 Qb8 14. Ne1 d5 15. Nd3
e4 16. Nf4 Nb6 17. cxd5 cxd5 18. h3 g5 19. Ne2 Bf5 20. Nc3 Bg6 21. Ba3 Qc7 22.
Rc1 Rec8 23. Qb2 Qd8 24. Nb5 Rc6 25. Rc3 Rxc3 26. Nxc3 Rc8 27. Rc1 Nbd7 28. Nb5
Rxc1+ 29. Qxc1 Ne8 30. Qc3 1/2-1/2

[Event "ODJM B 2015"]
[Site "Willingen GER"]
[Date "2015.05.27"]
[Round "6"]
[White "Lange, Cecilia"]
[Black "Wachinger, Nikolas"]
[Result "0-1"]
[Termination "normal"]
[Board "2"]
[WhiteElo "1597"]
[BlackElo "1299"]
[WhiteClock "00:20:51"]
[BlackClock "00:16:50"]
[PlyCount "147"]
[WhiteFideId "12976040"]
[BlackFideId "12962791"]
[EventCountry "GER"]
[EventRounds "9"]
[EventType "swiss"]
[EventDate "2015.05.23"]

1. e4 e5 2. Nf3 Nc6 3. Bc4 Bc5 4. d3 Nf6 5. c3 d6 6. O-O O-O 7. Bb3 Bb6 8. Nbd2
a6 9. h3 h6 10. Re1 Re8 11. Nf1 Bd7 12. Be3 Bxe3 13. fxe3 b5 14. Ng3 Qc8 15.
Qd2 Na5 16. Bc2 c5 17. d4 c4 18. Rf1 Nc6 19. Qe2 Qb7 20. a4 Qc7 21. axb5 axb5
22. Qd2 Qb7 23. Rfb1 Rxa1 24. Rxa1 Ra8 25. Rxa8+ Qxa8 26. b3 Qa3 27. bxc4 bxc4
28. Bd1 g6 29. Be2 Qb3 30. Bd1 Qa3 31. Qc2 Kg7 32. Be2 Qb3 33. Qxb3 cxb3 34.
Bd1 b2 35. Bc2 exd4 36. exd4 Na5 37. Nd2 Bb5 38. Ngf1 Nc4 39. Nxc4 Bxc4 40. Nd2
Ba2 41. Kf2 d5 42. exd5 Nxd5 43. Bb1 Nxc3 44. Bxa2 Nxa2 45. Nb1 Kf6 46. Ke3 Ke6
47. Kd3 Kd5 48. Nd2 Nc1+ 49. Kc2 Ne2 50. Kxb2 Kxd4 51. Kc2 Nf4 52. Nf3+ Ke4 53.
Ne1 Ke3 54. g3 Nxh3 55. Nd3 f6 56. Nb4 Kf3 57. Nd5 Kxg3 58. Nxf6 Nf4 59. Kd2 h5
60. Ke3 Ng2+ 61. Ke2 h4 62. Ne4+ Kf4 63. Nf2 g5 64. Kf1 Ne3+ 65. Kg1 g4 66.
Nxg4 Kxg4 67. Kh2 Nf1+ 68. Kg2 Ne3+ 69. Kh2 Nf5 70. Kg2 Kf4 71. Kh2 Kf3 72. Kh3
Kf2 73. Kh2 Ke2 74. Kg2 0-1

[Event "ODJM B 2015"]
[Site "Willingen GER"]
[Date "2015.05.27"]
[Round "6"]
[White "Kose, Robert Paul"]
[Black "Arnold, Leander"]
[Result "1/2-1/2"]
[Termination "normal"]
[Board "3"]
[WhiteElo "1453"]
[BlackElo "1562"]
[WhiteClock "00:20:57"]
[BlackClock "00:13:43"]
[PlyCount "82"]
[WhiteFideId "12982067"]
[BlackFideId "12990230"]
[EventCountry "GER"]
[EventRounds "9"]
[EventType "swiss"]
[EventDate "2015.05.23"]

1. e4 e6 2. d4 d5 3. Nd2 Nf6 4. e5 Ng8 5. Bd3 c5 6. c3 Nc6 7. Ne2 Nge7 8. Nf3
Ng6 9. O-O Be7 10. Be3 Qb6 11. Qb3 Qxb3 12. axb3 cxd4 13. cxd4 O-O 14. Rac1 a6
15. Bd2 Bd7 16. g4 Rac8 17. Kg2 Nb4 18. Bb1 Bb5 19. Rxc8 Rxc8 20. Rc1 Rxc1 21.
Nxc1 Nc6 22. Na2 Nh4+ 23. Nxh4 Bxh4 24. Be3 Be7 25. Nc3 Na7 26. Nxb5 Nxb5 27.
f4 Na7 28. f5 Bd8 29. Kf3 Nc6 30. Ke2 Bb6 31. Kd3 Ba5 32. h4 g6 33. f6 Kf8 34.
h5 Ke8 35. Bf2 Bb4 36. Ke3 Bf8 37. Kd3 Bb4 38. Ke2 Bf8 39. Kf3 Bh6 40. Be3 Bxe3
41. Kxe3 Kf8 1/2-1/2

[Event "ODJM B 2015"]
[Site "Willingen GER"]
[Date "2015.05.27"]
[Round "6"]
[White "Bilau, Max"]
[Black "Kublanov, Carolin"]
[Result "0-1"]
[Termination "normal"]
[Board "4"]
[WhiteElo "1640"]
[BlackElo "1607"]
[WhiteClock "00:19:54"]
[BlackClock "00:08:31"]
[PlyCount "75"]
[WhiteFideId "12974838"]
[BlackFideId "12944548"]
[EventCountry "GER"]
[EventRounds "9"]
[EventType "swiss"]
[EventDate "2015.05.23"]

1. e4 e5 2. Bc4 Nf6 3. d3 Nc6 4. Nc3 Be7 5. f4 d6 6. Nf3 Be6 7. Bxe6 fxe6 8.
fxe5 Nxe5 9. Nxe5 dxe5 10. Bd2 O-O 11. Qe2 Qd6 12. O-O-O c5 13. g4 Qc6 14. h4
b5 15. g5 Nd7 16. Rdf1 b4 17. Nd1 a5 18. h5 a4 19. g6 h6 20. Rxf8+ Rxf8 21. Rf1
Nf6 22. Be3 c4 23. Kb1 c3 24. Qh2 Ng4 25. Rxf8+ Kxf8 26. Qg3 Nxe3 27. Qxe3 cxb2
28. Nxb2 a3 29. Nc4 Qc5 30. Kc1 Bg5 31. Qxg5 hxg5 32. Kd2 Qf2+ 33. Kd1 Qf3+ 34.
Kd2 Qxh5 35. Na5 g4 36. Nc6 g3 37. Nxb4 g2 38. Nc6 0-1

[Event "ODJM B 2015"]
[Site "Willingen GER"]
[Date "2015.05.27"]
[Round "6"]
[White "Schluckner, Paul-Leopold"]
[Black "Von Jan, Lena"]
[Result "1/2-1/2"]
[Termination "normal"]
[Board "5"]
[WhiteElo "1404"]
[BlackElo "1364"]
[WhiteClock "00:28:28"]
[BlackClock "00:02:19"]
[PlyCount "61"]
[WhiteFideId "12952168"]
[BlackFideId "12946060"]
[EventCountry "GER"]
[EventRounds "9"]
[EventType "swiss"]
[EventDate "2015.05.23"]

1. e4 e5 2. Nf3 Nc6 3. Bc4 Bc5 4. c3 Nf6 5. d4 exd4 6. cxd4 Bb4+ 7. Nc3 Nxe4 8.
O-O Nxc3 9. Qe1+ Be7 10. bxc3 d5 11. Bb5 O-O 12. Ne5 Nxe5 13. Qxe5 Qd6 14. Qh5
c6 15. Bd3 h6 16. Qf3 Qf6 17. Qg3 Bd6 18. f4 Bf5 19. Bd2 Bxd3 20. Qxd3 Qg6 21.
f5 Qf6 22. Rae1 Rfe8 23. Qf3 Rxe1 24. Rxe1 g6 25. fxg6 Qxg6 26. Qh3 Kg7 27. Rf1
Re8 28. Qd7 Rb8 29. Bf4 Bxf4 30. Rxf4 Qb1+ 31. Rf1 1/2-1/2

[Event "ODJM B 2015"]
[Site "Willingen GER"]
[Date "2015.05.27"]
[Round "6"]
[White "Fromm, Johannes"]
[Black "Lommel, Hagen"]
[Result "1/2-1/2"]
[Termination "normal"]
[Board "6"]
[WhiteElo "1454"]
[BlackElo "1561"]
[WhiteClock "00:40:32"]
[BlackClock "00:41:54"]
[PlyCount "47"]
[WhiteFideId "12993204"]
[BlackFideId "12972380"]
[EventCountry "GER"]
[EventRounds "9"]
[EventType "swiss"]
[EventDate "2015.05.23"]

1. f4 c5 2. e4 d6 3. Nf3 Nc6 4. Bb5 Bd7 5. O-O g6 6. d3 Bg7 7. c3 Nf6 8. Qe1
Qc7 9. Nbd2 O-O 10. Qg3 Nh5 11. Qg5 h6 12. Qh4 Bf6 13. Qf2 a6 14. Bxc6 Bxc6 15.
f5 Bg7 16. g4 Nf4 17. Qe3 g5 18. h4 Bf6 19. hxg5 Bxg5 20. Nxg5 hxg5 21. Qf3 Kg7
22. Nb3 e5 23. Bxf4 exf4 24. Kf2 1/2-1/2

[Event "ODJM B 2015"]
[Site "Willingen GER"]
[Date "2015.05.27"]
[Round "6"]
[White "Rose, Luis Stratos"]
[Black "Chalabi, Tom"]
[Result "1-0"]
[Termination "normal"]
[Board "7"]
[WhiteElo "1385"]
[BlackElo "1119"]
[PlyCount "109"]
[WhiteFideId "12976008"]
[BlackFideId "4003012"]
[EventCountry "GER"]
[EventRounds "9"]
[EventType "swiss"]
[EventDate "2015.05.23"]

1. c4 e5 2. Nc3 Nc6 3. g3 Nf6 4. Bg2 Bc5 5. d3 Bb4 6. Bd2 Bxc3 7. Bxc3 d5 8.
cxd5 Nxd5 9. Nf3 Nxc3 10. bxc3 Bg4 11. O-O O-O 12. Rb1 Qc8 13. Qc2 Rb8 14. Rb2
Re8 15. Rfb1 b6 16. Rd1 Qf5 17. Qd2 Rbd8 18. Qg5 Qxg5 19. Nxg5 Rd6 20. Rbd2 h6
21. Nf3 e4 22. dxe4 Rxd2 23. Rxd2 Rxe4 24. Nd4 Rxd4 25. cxd4 Na5 26. e3 c5 27.
dxc5 bxc5 28. Rd5 Nb7 29. Re5 f6 30. Re4 Bf5 31. Rc4 Be6 32. Rc3 Nd6 33. Rxc5
Bxa2 34. Bd5+ Bxd5 35. Rxd5 Nc4 36. Rc5 Ne5 37. Ra5 Nc6 38. Ra6 Ne5 39. Rxa7
Nf3+ 40. Kg2 Ne1+ 41. Kh3 Nd3 42. f3 Nf2+ 43. Kg2 Nd1 44. e4 Ne3+ 45. Kf2 Nd1+
46. Ke2 Nc3+ 47. Kd2 Nb5 48. Rd7 g5 49. Ke3 Nc3 50. f4 g4 51. e5 f5 52. e6 h5
53. Rf7 Nd5+ 54. Kf2 Nc7 55. Rxc7 1-0

[Event "ODJM B 2015"]
[Site "Willingen GER"]
[Date "2015.05.27"]
[Round "6"]
[White "Petri, Ben-Luca"]
[Black "Tham, Nam"]
[Result "1-0"]
[Termination "normal"]
[Board "8"]
[WhiteElo "1481"]
[BlackElo "1547"]
[PlyCount "117"]
[WhiteFideId "12947261"]
[BlackFideId "12997331"]
[EventCountry "GER"]
[EventRounds "9"]
[EventType "swiss"]
[EventDate "2015.05.23"]

1. e4 e5 2. Nf3 Nc6 3. Bb5 Nf6 4. O-O Be7 5. Re1 a6 6. Bxc6 dxc6 7. d3 Bd6 8.
d4 Qe7 9. dxe5 Bxe5 10. Nxe5 Qxe5 11. Nc3 O-O 12. f4 Qc5+ 13. Be3 Qe7 14. e5
Nd7 15. Qe2 Rd8 16. Rad1 b6 17. Rd2 Bb7 18. Red1 c5 19. Nd5 Bxd5 20. Rxd5 f6
21. Qd2 fxe5 22. Rxd7 Rxd7 23. Qxd7 Qxd7 24. Rxd7 exf4 25. Bxf4 c6 26. Kf2 Rf8
27. Ke3 Re8+ 28. Kd2 Re4 29. Bg3 Rd4+ 30. Rxd4 cxd4 31. Kd3 Kf7 32. Kxd4 Ke6
33. Bc7 b5 34. Kc5 Kd7 35. Be5 g6 36. Kb6 Ke6 37. Bb8 Kd5 38. Kxa6 Kc4 39. Ka5
Kd4 40. Kb4 Ke3 41. h4 Kd2 42. c4 bxc4 43. Kxc4 Kc2 44. a4 Kxb2 45. a5 Kc2 46.
a6 Kd2 47. a7 Ke2 48. a8=Q Kf2 49. g3 h6 50. Qxc6 g5 51. hxg5 hxg5 52. Qe4 Kg1
53. Qe2 g4 54. Kd4 Kh1 55. Ke4 Kg1 56. Kf4 Kh1 57. Kxg4 Kg1 58. Kh3 Kh1 59.
Qf1# 1-0

[Event "ODJM B 2015"]
[Site "Willingen GER"]
[Date "2015.05.27"]
[Round "6"]
[White "Nimptsch, Nikolas"]
[Black "Frohnhäuser, Simon"]
[Result "0-1"]
[Termination "normal"]
[Board "9"]
[WhiteElo "1302"]
[BlackElo "1548"]
[PlyCount "46"]
[WhiteFideId "16245334"]
[BlackFideId "16208528"]
[EventCountry "GER"]
[EventRounds "9"]
[EventType "swiss"]
[EventDate "2015.05.23"]

1. e4 c5 2. Nf3 d6 3. d4 cxd4 4. Nxd4 Nf6 5. Nc3 a6 6. Bc4 e6 7. Bb3 Nc6 8. Be3
Na5 9. g4 Nxb3 10. axb3 d5 11. Qf3 e5 12. Nf5 d4 13. Rd1 Qa5 14. Bd2 dxc3 15.
Bxc3 Bb4 16. Nd6+ Ke7 17. O-O Bxg4 18. Bxb4 Qxb4 19. Qg3 Bxd1 20. Qxe5+ Kf8 21.
Rxd1 Rd8 22. Rd4 Qe1+ 23. Kg2 Qxf2+ 0-1

[Event "ODJM B 2015"]
[Site "Willingen GER"]
[Date "2015.05.27"]
[Round "6"]
[White "Borgmann, Simon"]
[Black "Grunert, Friedrich"]
[Result "0-1"]
[Termination "normal"]
[Board "10"]
[WhiteElo "1289"]
[BlackElo "1492"]
[PlyCount "96"]
[WhiteFideId "16234677"]
[BlackFideId "12995592"]
[EventCountry "GER"]
[EventRounds "9"]
[EventType "swiss"]
[EventDate "2015.05.23"]

1. e4 e6 2. b3 d5 3. Bb2 c5 4. e5 Nc6 5. Nf3 Nge7 6. c3 Nf5 7. Bb5 Qb6 8. Bxc6+
bxc6 9. d4 Ba6 10. Qc2 cxd4 11. cxd4 Bb4+ 12. Bc3 Bxc3+ 13. Qxc3 O-O 14. Qd2
Rac8 15. Nc3 c5 16. Na4 Qb5 17. Nxc5 Nxd4 18. b4 Nxf3+ 19. gxf3 Rc7 20. a4 Qb6
21. Nxa6 Qxa6 22. b5 Qb7 23. O-O Rfc8 24. Rac1 h6 25. Rxc7 Qxc7 26. f4 Qc4 27.
Ra1 Qc3 28. Qxc3 Rxc3 29. Kg2 Kf8 30. f3 Ke7 31. Kg3 Kd7 32. Rb1 Kc7 33. Kg4
Ra3 34. Rc1+ Kb6 35. Rc6+ Kb7 36. Ra6 d4 37. h4 d3 38. Rd6 Kc7 39. Rd4 Kb6 40.
Rd7 Rxa4 41. Rxd3 Kxb5 42. Rd7 f6 43. exf6 gxf6 44. Rd6 e5 45. Rxf6 Rxf4+ 46.
Rxf4 exf4 47. Kxf4 a5 48. Kg4 a4 0-1

[Event "ODJM B 2015"]
[Site "Willingen GER"]
[Date "2015.05.27"]
[Round "6"]
[White "Yi, Wendy"]
[Black "Schulze, Lukas"]
[Result "1-0"]
[Termination "normal"]
[Board "11"]
[WhiteElo "1401"]
[BlackElo "1252"]
[PlyCount "101"]
[WhiteFideId "16224850"]
[BlackFideId "12956856"]
[EventCountry "GER"]
[EventRounds "9"]
[EventType "swiss"]
[EventDate "2015.05.23"]

1. e4 c6 2. d4 d5 3. exd5 cxd5 4. Nf3 Nc6 5. Bb5 Bg4 6. h3 Bxf3 7. Qxf3 Nf6 8.
O-O Qb6 9. Bxc6+ Qxc6 10. c3 e6 11. Bf4 a5 12. Nd2 b5 13. Rac1 Bd6 14. Rfe1
Bxf4 15. Qxf4 Rc8 16. Nb3 a4 17. Nc5 Nd7 18. Nd3 Qc4 19. Nb4 O-O 20. Qg5 f6 21.
Qg4 f5 22. Qg3 Rf6 23. Qd6 Nf8 24. Re3 Rg6 25. Rce1 Qc7 26. Qxc7 Rxc7 27. Na6
Rc6 28. Nb4 Rc7 29. Nd3 Rg5 30. Nf4 Re7 31. Nxe6 Nxe6 32. Rxe6 Rxe6 33. Rxe6 f4
34. Kh2 Rh5 35. g3 fxg3+ 36. fxg3 Rh6 37. Rxh6 gxh6 38. g4 Kg7 39. Kg3 Kf7 40.
Kf3 Kg7 41. Kf4 Kf6 42. h4 Ke6 43. g5 h5 44. b3 a3 45. b4 Kd6 46. Kf5 Kd7 47.
Ke5 Kc6 48. Ke6 Kc7 49. Kxd5 Kd7 50. Kc5 Kc7 51. Kxb5 1-0

[Event "ODJM B 2015"]
[Site "Willingen GER"]
[Date "2015.05.27"]
[Round "6"]
[White "Rapp, Lukas"]
[Black "Zimmer, Luca"]
[Result "0-1"]
[Termination "normal"]
[Board "12"]
[WhiteElo "1627"]
[BlackElo "1496"]
[PlyCount "90"]
[WhiteFideId "12989320"]
[BlackFideId "12921424"]
[EventCountry "GER"]
[EventRounds "9"]
[EventType "swiss"]
[EventDate "2015.05.23"]

1. d4 e6 2. g3 d5 3. Bg2 f5 4. e3 Nf6 5. Ne2 Bd6 6. O-O O-O 7. b3 Qe7 8. a4
Nbd7 9. Ba3 Ne4 10. Bxd6 Qxd6 11. Nd2 Ndf6 12. f3 Ng5 13. c4 c6 14. c5 Qc7 15.
Nf4 e5 16. Nd3 exd4 17. exd4 Ne6 18. Nf2 Nxd4 19. Bh3 g6 20. Nb1 Ne6 21. Nc3
Nxc5 22. b4 Ne6 23. Bg2 Bd7 24. Re1 Rae8 25. Qd2 Ng7 26. Rxe8 Rxe8 27. Qd4 Qe5
28. Qd2 d4 29. Na2 Qe3 30. Qxe3 dxe3 31. Nd3 Nd5 32. f4 Ne6 33. Bxd5 cxd5 34.
Re1 d4 35. a5 Bb5 36. Nac1 Rd8 37. Kg2 Kg7 38. Kf3 Kf6 39. h3 Ke7 40. Ke2 Kd6
41. Kd1 Ba4+ 42. Ke2 Rc8 43. Ne5 Rc2+ 44. Kf3 Bc6+ 45. Nxc6 Rf2# 0-1

[Event "ODJM B 2015"]
[Site "Willingen GER"]
[Date "2015.05.27"]
[Round "6"]
[White "Youness, Fatima"]
[Black "Feil, Alexander"]
[Result "0-1"]
[Termination "normal"]
[Board "13"]
[WhiteElo "1369"]
[BlackElo "1378"]
[PlyCount "122"]
[WhiteFideId "16214404"]
[BlackFideId "4002954"]
[EventCountry "GER"]
[EventRounds "9"]
[EventType "swiss"]
[EventDate "2015.05.23"]

1. e4 d5 2. exd5 c6 3. dxc6 Nxc6 4. Nf3 e5 5. Nc3 Nf6 6. Bb5 Bd6 7. d4 exd4 8.
Nxd4 Bd7 9. Nxc6 Bxc6 10. Bxc6+ bxc6 11. Be3 O-O 12. O-O Re8 13. Re1 Qc7 14. h3
Rad8 15. Qf3 h6 16. Rad1 a5 17. Bd4 Rxe1+ 18. Rxe1 Bh2+ 19. Kh1 Rxd4 20. g3
Bxg3 21. fxg3 Rd2 22. Re2 Rxe2 23. Nxe2 Qd7 24. Kg2 Qd5 25. Nc3 Qxf3+ 26. Kxf3
Kf8 27. Ke3 Ke7 28. Kd4 Kd6 29. Ne4+ Nxe4 30. Kxe4 c5 31. c4 g6 32. Kf4 f5 33.
h4 Ke6 34. b3 Kf6 35. a3 g5+ 36. hxg5+ hxg5+ 37. Kf3 Ke5 38. b4 cxb4 39. axb4
a4 40. b5 Kd6 41. b6 Kc6 42. c5 a3 43. Ke3 a2 44. b7 Kxb7 45. Kd4 a1=Q+ 46. Kd5
Qd1+ 47. Ke5 Qe2+ 48. Kxf5 Qc2+ 49. Kxg5 Qxc5+ 50. Kh4 Kc7 51. g4 Qe7+ 52. g5
Qh7+ 53. Kg4 Kd6 54. Kf4 Ke6 55. Kg4 Qe4+ 56. Kh5 Qf3+ 57. Kh6 Qh3+ 58. Kg7 Qh5
59. g6 Ke7 60. Kg8 Qxg6+ 61. Kh8 Qg5 0-1

[Event "ODJM B 2015"]
[Site "Willingen GER"]
[Date "2015.05.27"]
[Round "6"]
[White "Lilienthal, Niels Bennett"]
[Black "Caliebe, Nanke"]
[Result "0-1"]
[Termination "normal"]
[Board "14"]
[WhiteElo "1246"]
[BlackElo "1502"]
[PlyCount "72"]
[WhiteFideId "16205421"]
[BlackFideId "12980528"]
[EventCountry "GER"]
[EventRounds "9"]
[EventType "swiss"]
[EventDate "2015.05.23"]

1. e4 c5 2. c3 Nc6 3. d4 cxd4 4. cxd4 e6 5. Nf3 g6 6. Nc3 Bg7 7. Bb5 Qb6 8.
Bxc6 bxc6 9. Rb1 Ba6 10. Be3 Qc7 11. b3 Ne7 12. Na4 O-O 13. Nc5 Qc8 14. Bf4 d5
15. e5 f6 16. exf6 Bxf6 17. Be5 Bxe5 18. Nxe5 Qc7 19. Nxe6 Qa5+ 20. Qd2 Qxd2+
21. Kxd2 Rxf2+ 22. Ke1 Re2+ 23. Kd1 Nf5 24. Ng4 Rxe6 25. Re1 Rxe1+ 26. Kxe1
Re8+ 27. Kd2 Re2+ 28. Kc3 Rxg2 29. Ne5 Ne7 30. Re1 Rxh2 31. Nf3 Re2 32. Rxe2
Bxe2 33. Ne5 h5 34. Kd2 Bg4 35. Nxg4 hxg4 36. Ke2 Nf5 0-1

[Event "ODJM B 2015"]
[Site "Willingen GER"]
[Date "2015.05.27"]
[Round "6"]
[White "Zell, Mirjam"]
[Black "Zimmer, Claudius"]
[Result "1-0"]
[Termination "normal"]
[Board "15"]
[WhiteElo "1336"]
[BlackElo "1105"]
[PlyCount "117"]
[WhiteFideId "16208544"]
[EventCountry "GER"]
[EventRounds "9"]
[EventType "swiss"]
[EventDate "2015.05.23"]

1. e4 e5 2. Nf3 Nc6 3. Bb5 a6 4. Ba4 Nf6 5. d3 b5 6. Bb3 Be7 7. c3 d5 8. exd5
Nxd5 9. O-O O-O 10. Re1 Qd6 11. Nbd2 Bf5 12. Nf1 Nb6 13. d4 exd4 14. Nxd4 Nxd4
15. Qxd4 Qxd4 16. cxd4 Bf6 17. Ng3 Bg6 18. Be3 Rad8 19. Rac1 Bxd4 20. Bxd4 Rxd4
21. Rxc7 Nc4 22. Bxc4 Rxc4 23. Rxc4 bxc4 24. Rc1 Rb8 25. Rxc4 h6 26. b4 a5 27.
a3 axb4 28. axb4 Ra8 29. h3 Ra1+ 30. Kh2 Ra2 31. f3 Rb2 32. Kg1 Kf8 33. Ne4 Ke7
34. g4 h5 35. Nc3 hxg4 36. hxg4 Rb3 37. Kf2 Bd3 38. Rc5 Kd6 39. Rd5+ Ke7 40.
Rxd3 Ke6 41. b5 f5 42. gxf5+ Kxf5 43. Ke3 Ke5 44. Rd5+ Ke6 45. Kd4 Rxc3 46.
Kxc3 Kxd5 47. Kb4 Kd6 48. Ka5 Kc7 49. Ka6 Kb8 50. b6 Ka8 51. b7+ Kb8 52. Kb6 g5
53. Kc6 g4 54. fxg4 Ka7 55. g5 Kb8 56. g6 Ka7 57. g7 Kb8 58. g8=Q+ Ka7 59. Qa8#
1-0

[Event "ODJM B 2015"]
[Site "Willingen GER"]
[Date "2015.05.27"]
[Round "6"]
[White "Hoppe, Nico"]
[Black "Fromm, Marius"]
[Result "1-0"]
[Termination "normal"]
[Board "16"]
[WhiteElo "1086"]
[BlackElo "1328"]
[PlyCount "75"]
[WhiteFideId "16225520"]
[BlackFideId "12993190"]
[EventCountry "GER"]
[EventRounds "9"]
[EventType "swiss"]
[EventDate "2015.05.23"]

1. e4 c5 2. Nf3 Nc6 3. d4 cxd4 4. Nxd4 e5 5. Nf3 Nf6 6. Nc3 Bc5 7. Bc4 d6 8.
Bg5 h6 9. Bh4 g5 10. Bg3 Ne7 11. h3 Ng6 12. Qe2 Bd7 13. O-O-O Bc6 14. Kb1 Qb6
15. Bb5 a6 16. Bxc6+ bxc6 17. Na4 Qa5 18. Nxc5 Qxc5 19. Rd2 Ke7 20. Rhd1 Rhd8
21. h4 g4 22. Nh2 h5 23. f3 Qb5 24. c4 gxf3 25. gxf3 Qa4 26. Nf1 c5 27. Ne3 Qc6
28. Nf5+ Ke6 29. Rxd6+ Rxd6 30. Rxd6+ Qxd6 31. Nxd6 Kxd6 32. Qd2+ Kc6 33. Qg5
Nd7 34. Qxh5 Nb6 35. Bxe5 Nxc4 36. Bf6 Rb8 37. Qd5+ Kb5 38. h5 1-0

[Event "ODJM B 2015"]
[Site "Willingen GER"]
[Date "2015.05.27"]
[Round "6"]
[White "Pahl, Theis"]
[Black "Rößl, Adam"]
[Result "1-0"]
[Termination "normal"]
[Board "18"]
[WhiteElo "1570"]
[BlackElo "1230"]
[PlyCount "63"]
[WhiteFideId "16201264"]
[BlackFideId "16246047"]
[EventCountry "GER"]
[EventRounds "9"]
[EventType "swiss"]
[EventDate "2015.05.23"]

1. e4 e5 2. Nc3 Nc6 3. f4 exf4 4. Nf3 Bb4 5. Bc4 d6 6. d4 g5 7. h4 f6 8. hxg5
fxg5 9. Bxg8 Rxg8 10. Rxh7 g4 11. Nh2 Qf6 12. a3 Bxc3+ 13. bxc3 Qg6 14. Rxc7
Qxe4+ 15. Qe2 Qxe2+ 16. Kxe2 f3+ 17. Kf1 Rh8 18. Bf4 Bf5 19. gxf3 gxf3 20. Re1+
Kd8 21. Rxb7 Bxc2 22. Bxd6 Bd3+ 23. Kf2 Ba6 24. Rc7 Rc8 25. Rxc8+ Kxc8 26. Nxf3
Kd7 27. Bc5 Bc4 28. d5 Na5 29. Re7+ Kd8 30. Rxa7 Nb3 31. Ra8+ Kd7 32. Rxh8 1-0

[Event "ODJM B 2015"]
[Site "Willingen GER"]
[Date "2015.05.27"]
[Round "6"]
[White "Knerr, Sebastian"]
[Black "Leib, Amina"]
[Result "0-1"]
[Termination "normal"]
[Board "19"]
[WhiteElo "1259"]
[BlackElo "1228"]
[PlyCount "80"]
[WhiteFideId "16266013"]
[BlackFideId "12982970"]
[EventCountry "GER"]
[EventRounds "9"]
[EventType "swiss"]
[EventDate "2015.05.23"]

1. e4 e5 2. Nf3 Nc6 3. Bc4 Bc5 4. c3 d6 5. d4 Bb6 6. Be3 Bg4 7. Nbd2 Nf6 8. h3
Bh5 9. Qc2 O-O 10. g4 Bg6 11. Nh4 Bxe4 12. Nxe4 Nxe4 13. Qxe4 Qxh4 14. O-O-O
exd4 15. cxd4 Rae8 16. Qf5 g6 17. Qf4 Rd8 18. Qh6 Qxh6 19. Bxh6 Rfe8 20. Bg5
Rc8 21. Bf6 Re4 22. f3 Rf4 23. g5 Bxd4 24. Bxd4 Rxd4 25. Rxd4 Nxd4 26. f4 Re8
27. Kd2 Nf3+ 28. Kd3 Kg7 29. Bd5 Ne1+ 30. Kd2 c6 31. Rxe1 Rxe1 32. Kxe1 cxd5
33. Kd2 f6 34. Kd3 fxg5 35. fxg5 h6 36. h4 hxg5 37. hxg5 Kf7 38. Kd4 Ke6 39. a3
a6 40. a4 a5 0-1

[Event "ODJM B 2015"]
[Site "Willingen GER"]
[Date "2015.05.27"]
[Round "6"]
[White "Bardorz, Stefan"]
[Black "Reuker, Ronja"]
[Result "0-1"]
[Termination "normal"]
[Board "20"]
[WhiteElo "1241"]
[BlackElo "1102"]
[PlyCount "148"]
[WhiteFideId "16245474"]
[BlackFideId "12947172"]
[EventCountry "GER"]
[EventRounds "9"]
[EventType "swiss"]
[EventDate "2015.05.23"]

1. e4 e5 2. Nf3 Nc6 3. d4 exd4 4. Nxd4 Nf6 5. Nxc6 bxc6 6. Nc3 Bb4 7. Qf3 O-O
8. Bd3 Re8 9. O-O d5 10. exd5 cxd5 11. Bg5 Bb7 12. Qf4 Bd6 13. Qf5 Re5 14. Qf4
Re6 15. Qd4 Be5 16. Qc5 Rc6 17. Qb4 Rb6 18. Qh4 h6 19. Bxf6 Qxf6 20. Qxf6 Rxf6
21. Rae1 Re6 22. Na4 Rae8 23. g3 Bd6 24. Rxe6 Rxe6 25. b3 Bc6 26. Nc3 d4 27.
Ne2 Bc5 28. c3 dxc3 29. Nxc3 Bf3 30. Nb5 Bb6 31. Rc1 Re7 32. h3 c6 33. Nc3 g5
34. b4 Kg7 35. b5 cxb5 36. Nxb5 Be2 37. Bxe2 Rxe2 38. Ra1 Rxf2 39. Kh1 a6 40.
Nd6 Bd4 41. Rd1 Be5 42. Rd5 Bxg3 43. Ne4 Rh2+ 44. Kg1 Bf4 45. Nf2 Bc7 46. Rf5
Kg6 47. Rc5 Rxf2 48. Rc6+ Rf6 49. Rxc7 Rf3 50. Kg2 Ra3 51. Rc2 Kh5 52. Rf2 Kh4
53. Rxf7 Rxa2+ 54. Kf3 Ra3+ 55. Kg2 Rxh3 56. Rf6 Ra3 57. Rxh6+ Kg4 58. Rd6 a5
59. Rd4+ Kf5 60. Rd5+ Kg6 61. Rd6+ Kh5 62. Rd5 a4 63. Rd4 g4 64. Rd5+ Kh4 65.
Rd4 Ra2+ 66. Kg1 Kh3 67. Rd3+ g3 68. Rd1 a3 69. Rc1 Rg2+ 70. Kf1 Kh2 71. Rc3 a2
72. Ra3 Rb2 73. Ke1 g2 74. Rxa2 g1=Q# 0-1

[Event "ODJM B 2015"]
[Site "Willingen GER"]
[Date "2015.05.27"]
[Round "6"]
[White "Straßburg, Robin"]
[Black "Kostanyan, Hakob"]
[Result "0-1"]
[Termination "normal"]
[Board "21"]
[WhiteElo "1028"]
[BlackElo "1532"]
[PlyCount "56"]
[WhiteFideId "16210018"]
[BlackFideId "12977683"]
[EventCountry "GER"]
[EventRounds "9"]
[EventType "swiss"]
[EventDate "2015.05.23"]

1. d4 Nf6 2. Nf3 d6 3. e3 g6 4. Bd3 Bg7 5. c3 O-O 6. Nbd2 Nbd7 7. O-O Re8 8.
Re1 c5 9. e4 cxd4 10. cxd4 e5 11. d5 a6 12. Nb3 b5 13. Be3 Nb6 14. Qd2 Nbxd5
15. exd5 e4 16. Be2 exf3 17. Bxf3 Nd7 18. Bd4 Ne5 19. Bxe5 Bxe5 20. Rab1 Bf5
21. Rbd1 Qf6 22. Re2 Rac8 23. h3 Bxh3 24. gxh3 Qxf3 25. Re3 Qf6 26. Qe2 Qf4 27.
Rg3 Qc4 28. Re1 Qxe2 0-1

[Event "ODJM B 2015"]
[Site "Willingen GER"]
[Date "2015.05.27"]
[Round "6"]
[White "Ning, Felix"]
[Black "Raasch, Hauke"]
[Result "1-0"]
[Termination "normal"]
[Board "22"]
[WhiteElo "1507"]
[BlackElo "1107"]
[PlyCount "65"]
[WhiteFideId "12988553"]
[BlackFideId "16210034"]
[EventCountry "GER"]
[EventRounds "9"]
[EventType "swiss"]
[EventDate "2015.05.23"]

1. d4 d5 2. c4 e6 3. Nc3 c6 4. Nf3 f5 5. Bf4 Nf6 6. e3 Be7 7. Qc2 O-O 8. h4 Ne4
9. a3 Qd7 10. Nxe4 fxe4 11. Nd2 Qd8 12. h5 h6 13. f3 exf3 14. Nxf3 Qa5+ 15. Nd2
Bb4 16. O-O-O Be7 17. Bd3 Kh8 18. g4 Qd8 19. Nf3 Nd7 20. Rdg1 Bd6 21. Bxd6 Rxf3
22. Bf4 Qf8 23. Be2 Rxf4 24. exf4 Qxf4+ 25. Qd2 Qxd2+ 26. Kxd2 Nf6 27. Bd3 dxc4
28. Bxc4 Ne4+ 29. Kc1 b5 30. Ba2 Bd7 31. Bb1 Nf2 32. Rh2 Rf8 33. Rf1 1-0